| 000 | 00366nam a2200145Ia 4500 | ||
|---|---|---|---|
| 008 | 221030s9999 xx 000 0 und d | ||
| 020 | _a9788195099306 | ||
| 041 | _aEnglish | ||
| 100 | _aK. M. Bangar | ||
| 245 | 0 |
_aPrinciples of Engineering Geology _cby K. M. Bangar |
|
| 260 |
_bStandard Pub. _aNew Delhi _c2021 |
||
| 300 | _a451 | ||
| 650 | _aCivil | ||
| 942 | _cBK | ||
| 999 |
_c18754 _d18754 |
||